Plants that belong to mulberry family (Moraceae) - sudden death - Statistics

General Stats
  • This quiz has been taken 17 times
  • The average score is 3 of 11
Answers on the Grid
Answers color-coded by a green-red scale on the quiz's grid according to % correct below.
Fig
Sweet chestnut
Kiwi
Red mulberry
Wingleaf soapberry
Breadfruit
Olive
Field maple
Banyan
Clarisia
Catalpa
White mulberry
Goldenrain tree (Koelreuteria)
American white ash
Dorstenia
Horse chestnut
Benjamin fig
Crape myrtle
Baobab
Black mulberry
Durian
Jackfruit
Argan
Sugar maple
Washingtonia
Chinese banyan
Russian olive
European common ash
 
Answer Stats
Answer % Correct
Black mulberry
63%
Fig
63%
Red mulberry
63%
White mulberry
63%
Benjamin fig
13%
Clarisia
13%
Dorstenia
13%
Jackfruit
13%
Banyan
0%
Breadfruit
0%
Chinese banyan
0%
No matching quizzes found
Score Distribution
Percent of People with Each Score
Percentile by Number Answered
Your Score History
You have not taken this quiz